Cómo gestionar una crisis (Registro nro. 14284)

Detalles MARC
000 -CABECERA
Longitud fija campo de control 00881nam a22002297a 4500
003 - IDENTIFICADOR DELl NÚMERO DE CONTROL
Identificador del número de control OSt
005 - FECHA Y HORA DE LA ÚLTIMA TRANSACCIÓN
Fecha y hora de la última transacción 20141020151427.0
008 - CÓDIGOS DE INFORMACIÓN DE LONGITUD FIJA
Códigos de información de longitud fija 141002b xxu||||| |||| 00| 0 eng d
020 ## - NÚMERO INTERNACIONAL NORMALIZADO PARA LIBROS
Número Internacional Normalizado para Libros (ISBN) 84-8088-782-6
040 ## - FUENTE DE LA CATALOGACIÓN
Centro transcriptor BMC
082 ## - NÚMERO DE LA CLASIFICACIÓN DECIMAL DEWEY
Númeroo de clasificación 658.15
100 1# - PUNTO DE ACCESO PRINCIPAL-NOMBRE DE PERSONA
Nombre de persona Mitroff, Ian I.
9 (RLIN) 26213
245 10 - MENCIÓN DE TÍTULO
Título Cómo gestionar una crisis
Resto del título : guía para mejorar la preparación frente una crisis
Mención de responsabilidad, etc. Ian I. Mitroff, Christine M. Pearson ; [traducción, equipo editorial Thau]
260 ## - PUBLICACIÓN, DISTRIBUCIÓN, ETC. (PIE DE IMPRENTA)
Lugar de publicación, distribución, etc. Barcelona
Nombre del editor, distribuidor, etc. Gestión 2000
Fecha de publicación, distribución, etc. cop. 2002
300 ## - DESCRIPCIÓN FÍSICA
Extensión 136 p.
Otras características físicas il.
Dimensiones 23 cm.
500 ## - NOTA GENERAL
Nota general En la cub.: Suspensión de pagos, Accidentes, Pérdida de imagen, Proceso judicial, OPA, Contaminación, Destrucciones, Huelga
504 ## - NOTA DE BIBLIOGRAFÍA, ETC
Nota de bibliografía, etc. Bibliografía: p. [135]-136
595 ## - NOTA DE EDICIÓN E HISTORIA BIBLIOGRÁFICA
Nota de edición e historia bibliográfica Traducción de: Crisis Management
650 24 - PUNTO DE ACCESO ADICIONAL DE MATERIA - TÉRMINO DE MATERIA
9 (RLIN) 20873
Término de materia o nombre geográfico como elemento inicial Gestión de crisis
700 1# - PUNTO DE ACCESO ADICIONAL - NOMBRE DE PERSONA
Nombre de persona Pearson, Christine M.
9 (RLIN) 26214
942 ## - ENTRADA DE ELEMENTOS AGREGADOS (KOHA)
Fuente de clasificaión o esquema Dewey Decimal Classification
Koha [por defecto] tipo de item 1- Monografias
Existencias
Suprimido Perdido Fuente de clasificación o esquema Estropeado Restricciones de uso No para préstamo Código de colección Localización permanente Localización actual Localización en estanter&íacute;as Fecha adquisición Fuente de adquisición Número de inventario Préstamos totales Signatura completa Código de barras Fecha última consulta Fecha último préstamo Coste, precio reemplazado Fecha del precio de reemplazo Tipo de item de Koha
NULL NULL Dewey Decimal Classification NULL Prestable NULL NULL Biblioteca Miguel de Cervantes - UNICAES Biblioteca Miguel de Cervantes - UNICAES Sala Principal 18/08/2009 Donación - ADESH 022689 1 658.15 MIT com 1023040 20/05/2019 14/05/2019 9.00 03/10/2014 1- Monografias